000 00538nam a2200217Ia 4500
003 0100
008 130307s9999 xx 000 0 und d
020 _a0062502611 :
040 _cARRUPELIB
050 _aK3240.4.D74 1987
100 _aDrinan, Robert F
245 _aCry of the oppressed
245 _bthe history and hope of the human rights revolution
260 _aSan Francisco :
260 _bHarper & Row
260 _cc1987.
300 _aviii
300 _b210 p. 22 cm.
650 _bOxford movement
942 0 0 _01
999 _c99805
_d99805